000 02249nam a22002537a 4500
999 _c1709
_d1709
003 CoMeUDC
005 20230517190646.0
008 210902s2017 ck |||gr|||| 00| 0 spa d
020 _a9789587311709
040 _cCO-UdeC
_dCO-UdeC
_eAARC
_eISBD
082 0 4 _a347.067
_bO16
100 _aOchoa Pérez, César Mauricio
_9105248
245 _aTratado de los dictámenes periciales :
_binstituciones jurídicas, económicas, financieras, contables y tributarias /
_cCésar Mauricio Ochoa Pérez.
260 _aMedellín :
_bBiblioteca Jurídica Diké,
_bOchoa editores,
_c2017.
300 _a980 p. ;
_c25 cm.
500 _aEl libro naranja.
500 _aAplicable al Procedimiento administrativo, Penal, Arbitral y General.
505 _aEl dictamen pericial, características, clasificación, contenido, etapas, soportes, los vicios o falencias, oportunidades para ingresarlo al proceso y para su control -- El perito, su posesión, régimen de exclusión y el testigo técnico -- Los libros de comercio, los libros de contabilidad y los libros fiscales -- La factura de venta, los documentos equivalentes y las cuentas de cobro -- Términos contables y tributarios necesarios para el dictamen pericial y el cálculo de indemnizaciones -- La contabilidad administrativa, la contabilidad de costos, la clasificación de los costos, el punto de equilibrio y los márgenes de utilidad -- Los intereses, la indexación, la actualización, el anatocismo, la usura, los indicadores económicos y los términos financieros -- Los términos contables, estadísticos y financieros incidentes en el cálculo de indemnizaciones, la valoración de empresas, la evaluación de proyectos y las finanzas -- La valoración de empresas y los métodos de valoración -- Los estados financieros, su fuente, contenido y clasificación bajo las normas contables colombianas e internacionales -- La suscripción, certificación y dictamen de los estados financieros -- El daño, los perjuicios y las indemnizaciones por daño emergente y lucro cesante
546 _aEspañol.
650 7 _aPrueba (Derecho)
_zColombia
_931009
650 7 _aPrueba pericial
_xLegislación
_zColombia
_9105949
650 0 _aContabilidad
_xAspectos jurídicos
_91467
942 _2ddc
_cBK